| 000 | 00504nam a2200157 i 4500 | ||
|---|---|---|---|
| 001 | 28490 | ||
| 003 | ES-MaACL | ||
| 005 | 20230906153850.0 | ||
| 007 | t| | ||
| 008 | 030117q1909 sp ||||1| spa d | ||
| 100 | 1 |
_aBarajas, Luciano. _925294 |
|
| 245 | 1 | 0 |
_aHistoria clínica _b: infección sinusal séptico-puohémica de origen ótico / _cLuciano Barajas. |
| 260 |
_a[S.l. : _bs.n., _c1909?] |
||
| 500 | _aEs Separata del: Boletín de Laringología, julio-agosto 1909. | ||
| 852 |
_aES-MaACL _jT-1198-F-2 |
||
| 999 |
_c28490 _d28490 |
||